Sistemas de información contable ii /

Guardado en:
Autor Principal: Lezanski, Perla
Otros Autores: Mattio, Alicia O., Merino, Susana B.
Formato: Libro
Publicado: Ituzaingó : Maipue, 2016
Materias:
Etiquetas: Agregar Etiqueta
Sin Etiquetas, Sea el primero en etiquetar este registro!
LEADER 02247nam a22002175a 4500
001 CEM.cems014986
005 20190405040708.0
008 130507s2016##################000#0#####d
003 CEMS
020 |a 9789873615429 
082 0 4 |a Z657 
100 1 |a Lezanski, Perla 
245 1 0 |a Sistemas de información contable ii /  |c Perla Lezanski , Alicia O. Mattio y Susana B. Merino 
260 |a Ituzaingó :  |b Maipue,  |c 2016 
300 |a 138 p. 
505 0 |a Los distintos tipos de sociedades -- Las organizaciones -- Estructura del patrimonio -- Sociedades -- Sociedad de responsabilidad limitada -- La sociedad anónima -- Generalidades -- Naturaleza y constitución -- Denominación -- Contratode suscripcón -- Estatuto -- Asamblea de accionistas -- Administración -- Consejo de vigilancia -- Síndico -- Fiscalización estatal -- Debentures -- Registración contable de la constitución de una SA -- Distribución de utilidades -- Los bancos comerciales -- Banco Central de la República Argentina (BCRA) -- Los bancos comerciales: oficiales y privados -- Depósitos -- Créditos -- Los bancos y la economía -- Conciliación bancaria -- Asientos de ajuste -- Los estados contables -- Ajustes -- Amortizaciones de bienes de uso -- Venta de bienes de uso -- Costo de mercaderías vendidas -- Cobrado por adelantado -- Pagado por adelantado -- Depuración de deudores -- Previsión para deudores incobrables -- Previsión para despidos -- Normas generales, pautas e instrucciones para la realización de los estados contables -- Principios de contabilidad generalmente acepatados (PCGA) -- Balance general -- Patrimonio neto -- Estado de resultados -- Formula oficial de Balance -- Presentación formal -- Sistemas de información contable, subsistemas y toma de decisiones -- Subsistema de información financiera -- Subsistema de información fiscal e impositiva -- Subsistemas de información administrativa -- Análisis e interpretación de los estados contables -- Análisis de los estados contables 
653 |a Estados contables 
700 1 |a Mattio, Alicia O. 
700 1 |a Merino, Susana B. 
859 |a CEMS  |b BIB. CEMS - 11 de abril  |h Z657  |i L599-1  |p 27797.19  |t Ej.1  |v II  |3 II 
859 |a CEMS  |b BIB. CEMS - 11 de abril  |h Z657  |i L599-1  |p 27798.19  |t Ej.2  |v II  |3 II